Focus: alarm and evacuation (Record no. 74825)

MARC details
000 -LEADER
fixed length control field 01505cab a2200229 4500
001 - CONTROL NUMBER
control field ABS68736
008 - FIXED-LENGTH DATA ELEMENTS--GENERAL INFORMATION
fixed length control field 050221n2005 000 0 eng u
035 ## - SYSTEM CONTROL NUMBER
System control number (Sirsi) u128857
245 ## - TITLE STATEMENT
Title Focus: alarm and evacuation
260 ## - PUBLICATION, DISTRIBUTION, ETC.
Date of publication, distribution, etc. 2005
490 ## - SERIES STATEMENT
Series statement Fire Engineers' Journal
Volume/sequential designation 65(253) February 2005, 14-37(22)
520 ## - SUMMARY, ETC.
Summary, etc. A series of articles on dealing with emergencies."Exit strategies" reports on the findings of new research into the World Trade Center disaster from the Building Disaster Assessment Group. "Human touch" discusses the need for fire engineers to consider human behaviour when developing evacuation strategies "A question of use" reports on the use of fire extinguishers to fight fires in commercial premises. "Health plans" discusses the provision of evacuation management plans in the National Health Service. "Early warning" talks about the role of early detection as a component in fire prevention strategy. "On the beam" considers the issues when specifying and installing beam smoke detectors. "Safety to a fault" talks about the importance of fault-free detection and alarm systems. "Voice of experience" examines the Disability Discrimination Act 1995 and the uses of sounder design.
590 ## - LOCAL NOTE (RLIN)
Local note ABS
650 ## - SUBJECT ADDED ENTRY--TOPICAL TERM
Topical term or geographic name entry element FIRE PREVENTION
650 ## - SUBJECT ADDED ENTRY--TOPICAL TERM
Topical term or geographic name entry element FIRE EVACUATION
650 ## - SUBJECT ADDED ENTRY--TOPICAL TERM
Topical term or geographic name entry element FIRE SAFETY ENGINEERING
650 ## - SUBJECT ADDED ENTRY--TOPICAL TERM
Topical term or geographic name entry element FIRE DETECTION SYSTEMS
650 ## - SUBJECT ADDED ENTRY--TOPICAL TERM
Topical term or geographic name entry element FIRE ALARMS
650 ## - SUBJECT ADDED ENTRY--TOPICAL TERM
Topical term or geographic name entry element DISABILITY DISCRIMINATION ACT 1995
690 ## - LOCAL SUBJECT ADDED ENTRY--TOPICAL TERM (OCLC, RLIN)
Topical term or geographic name as entry element Health and safety
9 (RLIN) 6244
942 ## - ADDED ENTRY ELEMENTS (KOHA)
Suppress in OPAC 0
Holdings
Withdrawn status Lost status Source of classification or shelving scheme Damaged status Not for loan Home library Current library Shelving location Date acquired Total Checkouts Full call number Barcode Date last seen Copy number Price effective from Koha item type
    Dewey Decimal Classification     London London Journal article 21/02/2005   ABS68736 128857-1001 06/08/2019 1 06/08/2019 Journal article